| 000 | 00440 a2200157 4500 | ||
|---|---|---|---|
| 003 | Nust | ||
| 005 | 20170207154123.0 | ||
| 040 | _cNust | ||
| 082 | _a621.3192 | ||
| 100 | _aJohnson, Walter | ||
| 245 | _aTransmission lines and networks | ||
| 260 |
_aNew York, , _b1950 _cMcGraw-Hill |
||
| 300 | _ax, 361 p | ||
| 505 | _aPart 1:- Transmission Lines (Page-3) Part 2:- Four Thermal Networks (Page-239) | ||
| 538 | _aAlmirah No. 126 and Shelf No. 3 | ||
| 942 |
_2ddc _cBK |
||
| 999 |
_c194386 _d194386 |
||